[Event "SK Turm Kleve 1 - SF Düsseldorf-Süd 1"]
[Site "NRW-Klasse - Gruppe 3 2021/20"]
[Date "2022.05.22"]
[Round "9.4"]
[White "Brandt, Thorsten"]
[Black "Schmitz, Fabian"]
[Result "1-0"]
[WhiteElo "1974"]
[BlackElo "1843"]
[PlyCount "67"]
[EventDate "2022.??.??"]
[SourceVersionDate "2020.03.16"]
[WhiteTeam "SK Turm Kleve 1"]
[BlackTeam "SF Düsseldorf-Süd 1"]

1. d4 d5 2. Nf3 Nf6 3. c4 dxc4 4. e3 e6 5. Bxc4 a6 6. O-O b5 7. Be2 Nbd7 8. Qc2
c5 9. Rd1 cxd4 10. Nxd4 Bb7 11. Bf3 Bxf3 12. Nxf3 Rc8 13. Qe2 Be7 14. a4 Qa5
15. Bd2 b4 16. Be1 O-O 17. Nbd2 Rfd8 18. Nb3 Qb6 19. a5 Qb7 20. Rac1 Rxc1 21.
Rxc1 Rc8 22. Rc4 Rxc4 23. Qxc4 Qd5 24. Qc8+ Bf8 25. Nbd4 Qxa5 26. Nc6 Qa1 27.
Ne7+ Kh8 28. Kf1 Qa5 29. Nd4 Qc5 30. Ndc6 Qc4+ 31. Kg1 Qe2 32. g3 Qxe1+ 33. Kg2
Qb1 34. Nd8 1-0

[Event "SK Turm Kleve 1 - SF Düsseldorf-Süd 1"]
[Site "NRW-Klasse - Gruppe 3 2021/20"]
[Date "2022.05.22"]
[Round "9.5"]
[White "Huenemeyer, Dirk"]
[Black "van Kuijk, Vadim"]
[Result "0-1"]
[WhiteElo "1913"]
[BlackElo "1887"]
[Annotator "daniel"]
[PlyCount "140"]
[EventDate "2022.??.??"]
[SourceVersionDate "2020.03.16"]
[WhiteTeam "SF Düsseldorf-Süd 1"]
[BlackTeam "SK Turm Kleve 1"]

1. c4 c6 2. Nc3 d5 3. e3 Nf6 4. Nf3 e6 5. b3 Bd6 6. d4 Nbd7 7. Bb2 b6 8. Be2
Qe7 9. O-O Bb7 10. cxd5 exd5 11. a4 O-O 12. a5 Rfe8 13. Qc2 Nf8 14. Na4 Qc7 15.
Rfc1 Ne4 16. a6 Bc8 17. Qxc6 Qxc6 18. Rxc6 Bd7 19. Rcc1 Rac8 20. Nc3 Nxc3 21.
Bxc3 Rc7 22. Bd2 Rec8 23. Rxc7 Rxc7 24. Rc1 Rxc1+ 25. Bxc1 Ne6 26. Ne5 Be8 27.
Bd2 f6 28. Nd3 Bb5 29. Nf4 $11 Bxe2 30. Nxe2 Nc7 31. Nc3 Bb4 32. Nb5 Nxb5 33.
Bxb4 Kf7 34. Kf1 Ke6 35. Ke2 Nc7 36. Kd3 Nxa6 37. Bf8 g6 38. f3 f5 39. e4 dxe4+
40. fxe4 fxe4+ 41. Kxe4 Nc7 42. Bg7 Nd5 43. Be5 a5 44. Bg7 b5 45. Bh6 Nf6+ 46.
Kf3 Kd5 47. Bc1 Ne4 48. Ke3 Nd6 49. Kd3 Nf5 50. Bb2 Ne7 51. Bc1 Nc6 52. Bb2
Nb4+ 53. Kd2 Ke4 54. Bc3 Nc6 55. d5 Kxd5 56. Kd3 Ne5+ 57. Ke2 b4 58. Bb2 Ke4
59. Kd2 Nc6 60. Bf6 Nd4 61. Kc1 Nxb3+ 62. Kb2 Nc5 63. Bd8 a4 64. g3 Nd3+ 65.
Kb1 Kd4 66. Be7 Kc4 67. h4 Kb3 68. g4 a3 69. h5 a2+ 70. Ka1 Ne1 0-1

[Event "SK Turm Kleve 1 - SF Düsseldorf-Süd 1"]
[Site "NRW-Klasse - Gruppe 3 2021/20"]
[Date "2022.05.22"]
[Round "9.6"]
[White "Auwens, Michel"]
[Black "Jaeckel, Norbert"]
[Result "1-0"]
[WhiteElo "1800"]
[BlackElo "1894"]
[PlyCount "109"]
[EventDate "2022.??.??"]
[SourceVersionDate "2020.03.16"]
[WhiteTeam "SK Turm Kleve 1"]
[BlackTeam "SF Düsseldorf-Süd 1"]

1. e4 e5 2. d4 exd4 3. Bc4 Nc6 4. Nf3 Bc5 5. c3 Nf6 6. cxd4 Bb4+ 7. Nc3 Nxe4 8.
O-O Bxc3 9. bxc3 O-O 10. d5 Ne7 11. Qd4 Nd6 12. Bd3 f6 13. g4 Ng6 14. Ba3 Re8
15. Bxd6 cxd6 16. Rae1 Re5 17. Bxg6 hxg6 18. Nxe5 dxe5 19. Qd3 g5 20. d6 Qe8
21. Re3 Qe6 22. Qe4 Rb8 23. Qa4 a6 24. Qb3 Kf7 25. Rb1 b5 26. a4 Bb7 27. axb5
Bd5 28. Qd1 axb5 29. Rb4 Bc4 30. h4 Rb6 31. hxg5 Rxd6 32. g6+ Ke7 33. Qf3 Rc6
34. Qh3 Rc8 35. Qf3 Rc6 36. Qg3 d6 37. Re1 Ra6 38. f4 Qd5 39. fxe5 dxe5 40. Rb2
Qd3 41. Qf2 Qd6 42. Rd2 Qb6 43. Qxb6 Rxb6 44. Kf2 f5 45. Rxe5+ Kf6 46. Rxf5+
Kxg6 47. Kg3 Re6 48. Kf4 Ra6 49. Rg5+ Kf6 50. Rf5+ Kg6 51. Rd7 Rf6 52. Rxf6+
Kxf6 53. g5+ Kg6 54. Rd6+ Kf7 55. Ke5 1-0

[Event "SK Turm Kleve 1 - SF Düsseldorf-Süd 1"]
[Site "NRW-Klasse - Gruppe 3 2021/20"]
[Date "2022.05.22"]
[Round "9.7"]
[White "Reinartz, Achim"]
[Black "Hoenselaar, Dennis"]
[Result "1-0"]
[WhiteElo "1945"]
[BlackElo "1720"]
[PlyCount "113"]
[EventDate "2022.??.??"]
[SourceVersionDate "2020.03.16"]
[WhiteTeam "SF Düsseldorf-Süd 1"]
[BlackTeam "SK Turm Kleve 1"]

1. d4 Nf6 2. Nf3 g6 3. g3 Bg7 4. Bg2 O-O 5. O-O d6 6. c3 c6 7. Nbd2 Nbd7 8. Nc4
b5 9. Ncd2 Qc7 10. Ng5 h6 11. Nge4 d5 12. Nxf6+ Nxf6 13. e4 dxe4 14. Nxe4 Nxe4
15. Bxe4 Bb7 16. Bf4 Qd7 17. Qb3 c5 18. Bxb7 c4 19. Qb4 Qxb7 20. a4 a6 21. h4
Rfd8 22. Rfe1 e6 23. axb5 axb5 24. Bd6 Qc6 25. Bc5 g5 26. hxg5 Rxa1 27. Rxa1
Rd5 28. Qa5 Kh7 29. Qa8 Qxa8 30. Rxa8 e5 31. gxh6 Kxh6 32. Rb8 exd4 33. Bxd4
Bxd4 34. cxd4 Rxd4 35. Rb6+ Kg7 36. Rxb5 Rd2 37. Kg2 Kg6 38. g4 Rd3 39. f3 c3
40. bxc3 Rxc3 41. Kg3 Rc1 42. Rd5 Rc6 43. Kh4 Ra6 44. Rg5+ Kh6 45. Rh5+ Kg6 46.
f4 Rb6 47. Rc5 Kg7 48. f5 Rh6+ 49. Kg3 Rb6 50. Rc7 Ra6 51. Kf4 Rb6 52. Rd7 Ra6
53. g5 Kg8 54. Ke5 Kg7 55. g6 Ra5+ 56. Kf4 Ra4+ 57. Kg5 1-0

[Event "SK Turm Kleve 1 - SF Düsseldorf-Süd 1"]
[Site "NRW-Klasse - Gruppe 3 2021/20"]
[Date "2022.05.22"]
[Round "9.8"]
[White "Verfuerth, Thomas"]
[Black "Hamm, Norbert"]
[Result "1/2-1/2"]
[WhiteElo "1979"]
[BlackElo "1911"]
[PlyCount "99"]
[EventDate "2022.??.??"]
[SourceVersionDate "2020.03.16"]
[WhiteTeam "SK Turm Kleve 1"]
[BlackTeam "SF Düsseldorf-Süd 1"]

1. c4 Nf6 2. Nc3 g6 3. e4 d6 4. g3 Bg7 5. Bg2 c5 6. Nge2 O-O 7. O-O Nc6 8. h3
a6 9. d3 Rb8 10. f4 Bd7 11. g4 b5 12. Ng3 bxc4 13. dxc4 Ne8 14. Qd3 Nc7 15. b3
Ne6 16. Be3 Ned4 17. Rad1 Qa5 18. Bd2 Qd8 19. Nce2 a5 20. Nxd4 Nxd4 21. Ne2 a4
22. Nxd4 Bxd4+ 23. Be3 Bxe3+ 24. Qxe3 axb3 25. axb3 Rb4 26. e5 Qb6 27. exd6 e6
28. Rd3 Rb8 29. Rf3 Bc6 30. Rg3 Bxg2 31. Kxg2 Rd8 32. Qe5 Qc6+ 33. Kf2 Rb6 34.
Rge3 Rxd6 35. Rxd6 Qxd6 36. Qxd6 Rxd6 37. Ke2 Kf8 38. Rd3 Rb6 39. Kd2 Ke7 40.
Kc3 f6 41. Rd2 Ra6 42. Kb2 Rb6 43. Rd1 Ra6 44. Rd2 Rb6 45. Rd3 Rb7 46. Rd1 Ra7
47. Rb1 Kd6 48. Rd1+ Ke7 49. Kc3 Ra2 50. Rf1 1/2-1/2

[Event "SK Holsterhausen 1 - SV Turm Kamp-Lintf"]
[Site "NRW-Klasse - Gruppe 3 2021/20"]
[Date "2022.05.22"]
[Round "9.2"]
[White "Schwalen, Peter"]
[Black "Hagen, Gunter"]
[Result "1/2-1/2"]
[WhiteElo "2004"]
[BlackElo "2122"]
[PlyCount "73"]
[EventDate "2022.??.??"]
[SourceVersionDate "2020.03.16"]
[WhiteTeam "SK Holsterhausen 1"]
[BlackTeam "SV Turm Kamp-Lintfort 1"]

1. e4 Nf6 2. d3 e5 3. Nf3 Nc6 4. Be2 d5 5. Nbd2 Bc5 6. O-O O-O 7. c3 a5 8. a4
Re8 9. Qc2 h6 10. h3 Qe7 11. Re1 Be6 12. Bf1 d4 13. Nb3 Rad8 14. Nxc5 Qxc5 15.
c4 Qf8 16. Nh2 g5 17. Qd1 Qg7 18. Be2 Qg6 19. Ng4 Nxg4 20. hxg4 Bc8 21. g3 Qd6
22. Rf1 Kg7 23. Bd2 Nb4 24. Qc1 c5 25. Kg2 Nc6 26. Rh1 Rh8 27. Rh5 f6 28. Qh1
Be6 29. Qh2 Bf7 30. Rh3 Rh7 31. Rh1 Rdh8 32. f4 Qd8 33. Qg1 Be6 34. Qc1 Qe7 35.
Rh5 Bf7 36. R5h3 Be6 37. Rh5 1/2-1/2

[Event "SK Holsterhausen 1 - SV Turm Kamp-Lintf"]
[Site "NRW-Klasse - Gruppe 3 2021/20"]
[Date "2022.05.22"]
[Round "9.3"]
[White "Westermann, Johannes"]
[Black "Kortenbusch, Christoph"]
[Result "1/2-1/2"]
[WhiteElo "2011"]
[BlackElo "2053"]
[Annotator "daniel"]
[PlyCount "68"]
[EventDate "2022.??.??"]
[SourceVersionDate "2020.03.16"]
[WhiteTeam "SV Turm Kamp-Lintfort 1"]
[BlackTeam "SK Holsterhausen 1"]

1. d4 Nf6 2. Nf3 c5 3. c4 cxd4 4. Nxd4 e5 5. Nb3 b5 6. cxb5 d5 7. e3 Bd6 8. Be2
O-O 9. O-O Bb7 10. Bd2 a5 11. a4 Nbd7 12. Qe1 Bc7 13. f3 Re8 $11 14. Na3 Bb6
15. Kh1 Nf8 16. Rc1 Ne6 17. Qh4 e4 18. f4 d4 19. Nc4 dxe3 20. Bxe3 Nd5 21. Qxd8
Bxd8 22. f5 Nxe3 23. Nxe3 Nf8 24. Bc4 Bg5 25. Rc3 Bf6 26. Rc2 Rec8 27. Rff2 Nd7
28. Bd5 Bxd5 29. Nxd5 Bd8 30. Nd4 Nb6 31. Nc3 Rc4 32. Nc6 Bf6 33. Rfe2 Bxc3 34.
bxc3 Nxa4 1/2-1/2

[Event "SK Holsterhausen 1 - SV Turm Kamp-Lintf"]
[Site "NRW-Klasse - Gruppe 3 2021/20"]
[Date "2022.05.22"]
[Round "9.4"]
[White "Sicars, Thorsten"]
[Black "Bosser, Heinz-Dieter"]
[Result "1/2-1/2"]
[WhiteElo "1970"]
[BlackElo "1991"]
[PlyCount "37"]
[EventDate "2022.??.??"]
[SourceVersionDate "2020.03.16"]
[WhiteTeam "SK Holsterhausen 1"]
[BlackTeam "SV Turm Kamp-Lintfort 1"]

1. c4 Nf6 2. Nc3 c5 3. Nf3 Nc6 4. d4 cxd4 5. Nxd4 a6 6. e4 d6 7. Be2 e6 8. Be3
Be7 9. Qd2 O-O 10. O-O Re8 11. Rac1 Nxd4 12. Bxd4 Qc7 13. Rfd1 Nd7 14. f3 b6
15. Bf1 Rb8 16. Qf2 Bb7 17. Qg3 Bf8 18. Kh1 Ne5 19. b3 1/2-1/2

[Event "SK Holsterhausen 1 - SV Turm Kamp-Lintf"]
[Site "NRW-Klasse - Gruppe 3 2021/20"]
[Date "2022.05.22"]
[Round "9.5"]
[White "Esser, Jochen"]
[Black "Westendorp, Christian"]
[Result "1-0"]
[WhiteElo "1948"]
[BlackElo "1787"]
[PlyCount "61"]
[EventDate "2022.??.??"]
[SourceVersionDate "2020.03.16"]
[WhiteTeam "SV Turm Kamp-Lintfort 1"]
[BlackTeam "SK Holsterhausen 1"]

1. e4 c5 2. Nf3 e6 3. d4 cxd4 4. c3 Nf6 5. e5 Nd5 6. Qxd4 Nc6 7. Qe4 f5 8. Qe2
Be7 9. g3 O-O 10. Bg2 a5 11. h4 b5 12. Ng5 g6 13. Bxd5 exd5 14. Qxb5 Ba6 15.
Qxd5+ Kg7 16. e6 Re8 17. Be3 Bxg5 18. hxg5 Rxe6 19. Nd2 Re5 20. Qd6 Re6 21. Qd5
Re5 22. Qf3 Bd3 23. O-O-O Nb4 24. b3 Re4 25. Nxe4 Bxe4 26. Qf4 Kg8 27. Rhe1 Nd5
28. Rxd5 Bxd5 29. Qe5 Be6 30. f4 a4 31. Bd4 1-0

[Event "SK Holsterhausen 1 - SV Turm Kamp-Lintf"]
[Site "NRW-Klasse - Gruppe 3 2021/20"]
[Date "2022.05.22"]
[Round "9.6"]
[White "Warmbier, Robert"]
[Black "Schubert, Mario"]
[Result "1/2-1/2"]
[WhiteElo "1840"]
[BlackElo "1841"]
[Annotator "daniel"]
[PlyCount "40"]
[EventDate "2022.??.??"]
[SourceVersionDate "2020.03.16"]
[WhiteTeam "SK Holsterhausen 1"]
[BlackTeam "SV Turm Kamp-Lintfort 1"]

1. e4 c5 2. Nf3 Nc6 3. b3 d6 4. h3 Nf6 5. d3 g6 6. Bb2 Bg7 7. Be2 O-O 8. O-O a6
9. Nbd2 e5 10. a4 Nh5 11. Re1 Nf4 12. Bf1 h5 13. Kh2 Rb8 14. g3 Ne6 15. Bg2 $11
Bh6 16. Nc4 b5 17. Ne3 Nc7 18. Bc1 Bg7 19. Bd2 b4 20. Rb1 Be6 1/2-1/2

[Event "SK Holsterhausen 1 - SV Turm Kamp-Lintf"]
[Site "NRW-Klasse - Gruppe 3 2021/20"]
[Date "2022.05.22"]
[Round "9.7"]
[White "Schmidt, Konrad"]
[Black "Billaudelle, Frank"]
[Result "1-0"]
[WhiteElo "1849"]
[BlackElo "1793"]
[PlyCount "85"]
[EventDate "2022.??.??"]
[SourceVersionDate "2020.03.16"]
[WhiteTeam "SV Turm Kamp-Lintfort 1"]
[BlackTeam "SK Holsterhausen 1"]

1. e4 e5 2. Nf3 Nf6 3. Nxe5 d6 4. Nf3 Nxe4 5. d4 d5 6. Bd3 Bd6 7. O-O O-O 8.
Re1 Re8 9. Nbd2 Bf5 10. Nf1 c6 11. c3 Bg6 12. Ng3 Nd7 13. Be3 f5 14. Ne2 h6 15.
Bf4 Qf6 16. Bxd6 Qxd6 17. g3 Bh5 18. Nf4 Bf7 19. Bf1 g5 20. Nd3 Bh5 21. Bg2
Bxf3 22. Bxf3 Qg6 23. Bh5 Qf6 24. Bxe8 Rxe8 25. f3 Nd6 26. Rxe8+ Nxe8 27. Qe2
Nd6 28. Re1 Kf8 29. Qe6 Qxe6 30. Rxe6 Nf7 31. Kf2 h5 32. f4 h4 33. gxh4 gxh4
34. Ne5 Ndxe5 35. fxe5 Kg7 36. Re7 Kg6 37. Rxb7 Ng5 38. Rxa7 f4 39. Rc7 Kf5 40.
Rxc6 f3 41. Rf6+ Kg4 42. Rg6 Kf5 43. Rxg5+ 1-0

[Event "SK Holsterhausen 1 - SV Turm Kamp-Lintf"]
[Site "NRW-Klasse - Gruppe 3 2021/20"]
[Date "2022.05.22"]
[Round "9.8"]
[White "Gebauer, Ulrich"]
[Black "Heuser, Stephan"]
[Result "1-0"]
[WhiteElo "1511"]
[BlackElo "1849"]
[PlyCount "49"]
[EventDate "2022.??.??"]
[SourceVersionDate "2020.03.16"]
[WhiteTeam "SK Holsterhausen 1"]
[BlackTeam "SV Turm Kamp-Lintfort 1"]

1. d4 Nf6 2. Bf4 g6 3. Nc3 d5 4. e3 Bg7 5. Be2 O-O 6. h4 b6 7. h5 c5 8. hxg6
hxg6 9. Bh6 Nc6 10. a3 Bxh6 11. Rxh6 Kg7 12. Rh1 e5 13. dxe5 Nxe5 14. Qd2 Bb7
15. O-O-O Ne4 16. Qe1 Nxc3 17. Qxc3 f6 18. Nh3 Qe7 19. Nf4 Rad8 20. Rh2 Qf7 21.
Kb1 Rh8 22. Rdh1 Rxh2 23. Rxh2 d4 24. exd4 Rxd4 25. Qh3 1-0

[Event "Oberhausener SV 1 - SG Porz 3"]
[Site "NRW-Klasse - Gruppe 3 2021/20"]
[Date "2022.05.22"]
[Round "9.1"]
[White "Gallinnis, Norbert"]
[Black "Becker, Marcel"]
[Result "1-0"]
[WhiteElo "2100"]
[BlackElo "2321"]
[PlyCount "83"]
[EventDate "2022.??.??"]
[SourceVersionDate "2020.03.16"]
[WhiteTeam "SG Porz 3"]
[BlackTeam "Oberhausener SV 1"]

1. e4 c6 2. d4 d5 3. e5 Bf5 4. h4 h5 5. Bd3 Bxd3 6. Qxd3 e6 7. Nf3 Qa5+ 8. Nbd2
Qa6 9. c4 Nh6 10. O-O Nf5 11. Qc2 Nd7 12. b3 Bb4 13. Rd1 Nb6 14. c5 Nd7 15. Nf1
b6 16. Bf4 Ba3 17. cxb6 axb6 18. Ne3 g6 19. Nxf5 gxf5 20. Qc3 Be7 21. Bg5 Rc8
22. Qe3 Qa3 23. Rd3 Bxg5 24. Nxg5 Nf8 25. Rc3 Qe7 26. Rac1 Qd7 27. Qe2 Ng6 28.
Qa6 O-O 29. Qxb6 Ra8 30. Rxc6 Rxa2 31. Rc7 Qd8 32. Qb7 Nxh4 33. Nxf7 Rxf7 34.
Rxf7 Nf3+ 35. Kf1 Rxf2+ 36. Kxf2 Qh4+ 37. Kxf3 Qe4+ 38. Kf2 Qxd4+ 39. Ke2 Qe4+
40. Kd2 Qxg2+ 41. Kc3 d4+ 42. Kb4 1-0

[Event "Oberhausener SV 1 - SG Porz 3"]
[Site "NRW-Klasse - Gruppe 3 2021/20"]
[Date "2022.05.22"]
[Round "9.2"]
[White "Hort, Vlastimil"]
[Black "Finke, Kai"]
[Result "1/2-1/2"]
[WhiteElo "2299"]
[BlackElo "2119"]
[PlyCount "71"]
[EventDate "2022.??.??"]
[SourceVersionDate "2020.03.16"]
[WhiteTeam "Oberhausener SV 1"]
[BlackTeam "SG Porz 3"]

1. d4 Nf6 2. c4 e6 3. Nf3 c5 4. g3 cxd4 5. Nxd4 a6 6. Bg2 Qc7 7. Nd2 Nc6 8.
N4f3 Be7 9. b3 O-O 10. Bb2 Rd8 11. Rc1 b6 12. O-O Bb7 13. a3 d5 14. cxd5 Nxd5
15. Qc2 Rac8 16. Rfd1 b5 17. Ne4 h6 18. Nc3 Nf6 19. Rxd8+ Qxd8 20. Qb1 Qb6 21.
Ne4 Nd5 22. Qa1 Bf8 23. Ne5 Rc7 24. Nd3 Na5 25. Rxc7 Qxc7 26. Qd1 b4 27. axb4
Nxb4 28. Nxb4 Bxb4 29. Qd4 Bf8 30. Qd3 Bd5 31. Nd2 Bxg2 32. Kxg2 Qb7+ 33. f3
Nc6 34. Nc4 Nb4 35. Qd1 Qc8 36. e4 1/2-1/2

[Event "Oberhausener SV 1 - SG Porz 3"]
[Site "NRW-Klasse - Gruppe 3 2021/20"]
[Date "2022.05.22"]
[Round "9.3"]
[White "Wagenknecht, Uwe"]
[Black "Montignies, Rainer"]
[Result "0-1"]
[WhiteElo "2103"]
[BlackElo "2260"]
[PlyCount "84"]
[EventDate "2022.??.??"]
[SourceVersionDate "2020.03.16"]
[WhiteTeam "SG Porz 3"]
[BlackTeam "Oberhausener SV 1"]

1. c4 c5 2. Nc3 g6 3. g3 Bg7 4. Bg2 Nc6 5. Nf3 d6 6. d3 e6 7. Be3 Nge7 8. O-O
O-O 9. Qc1 Nf5 10. Bg5 f6 11. Bd2 b6 12. a3 Bb7 13. Rb1 Qd7 14. b4 Rad8 15.
bxc5 dxc5 16. Nb5 Rfe8 17. a4 a5 18. Bc3 Nb4 19. Qb2 e5 20. e4 Nd6 21. Rfd1
Nxb5 22. axb5 Qe6 23. Ne1 Rd6 24. Qe2 Red8 25. Bf1 Bh6 26. Ng2 Nxd3 27. Rxd3
Rxd3 28. Qxd3 Rxd3 29. Bxd3 Qg4 30. Re1 Qf3 31. Ne3 Bxe4 32. Bxe4 Qxe4 33. Nd5
Qxc4 34. Nxf6+ Kf7 35. Bxe5 Bd2 36. Ne4 Qc2 37. Nd6+ Ke6 38. Re4 Kd5 39. f3 Bc3
40. Nc4 Qb1+ 41. Kg2 Qa2+ 42. Kh3 Qxc4 0-1

[Event "Oberhausener SV 1 - SG Porz 3"]
[Site "NRW-Klasse - Gruppe 3 2021/20"]
[Date "2022.05.22"]
[Round "9.4"]
[White "Kummerow, Heiko"]
[Black "Evers, Leo"]
[Result "1-0"]
[WhiteElo "2213"]
[BlackElo "2022"]
[PlyCount "79"]
[EventDate "2022.??.??"]
[SourceVersionDate "2020.03.16"]
[WhiteTeam "Oberhausener SV 1"]
[BlackTeam "SG Porz 3"]

1. e4 c5 2. Nf3 Nc6 3. d4 cxd4 4. Nxd4 Nf6 5. Nc3 e5 6. Ndb5 d6 7. Bg5 a6 8.
Na3 b5 9. Nd5 Be7 10. Bxf6 Bxf6 11. c3 Bg5 12. Nc2 Rb8 13. Be2 O-O 14. O-O Ne7
15. Ncb4 Bb7 16. Qd3 a5 17. Nxe7+ Bxe7 18. Nd5 Bxd5 19. Qxd5 Qb6 20. Bg4 Rfd8
21. Rad1 Qc5 22. Rd3 g6 23. Rfd1 b4 24. c4 a4 25. Kf1 Kg7 26. Ke2 a3 27. b3 Kg8
28. Rf3 Qxd5 29. Rxd5 f6 30. Be6+ Kg7 31. Ra5 Rb6 32. Ra7 Re8 33. g4 h6 34. Rh3
Rbb8 35. Bd5 Rbc8 36. Rd3 Kf8 37. Rf3 Kg7 38. h4 Rc5 39. g5 hxg5 40. hxg5 1-0

[Event "Oberhausener SV 1 - SG Porz 3"]
[Site "NRW-Klasse - Gruppe 3 2021/20"]
[Date "2022.05.22"]
[Round "9.5"]
[White "Thiemonds, Uli"]
[Black "Nissen, Claus"]
[Result "1/2-1/2"]
[WhiteElo "1993"]
[BlackElo "2123"]
[PlyCount "52"]
[EventDate "2022.??.??"]
[SourceVersionDate "2020.03.16"]
[WhiteTeam "SG Porz 3"]
[BlackTeam "Oberhausener SV 1"]

1. e4 e5 2. Nf3 d5 3. exd5 Qxd5 4. Nc3 Qe6 5. Qe2 Nc6 6. d4 Nxd4 7. Nxd4 exd4
8. Nb5 Bd6 9. Nxd6+ cxd6 10. Bf4 Ne7 11. Qxe6 Bxe6 12. Bxd6 Nc6 13. Bb5 O-O-O
14. Bxc6 Rxd6 15. Be4 Re8 16. Kd2 Bd5 17. Bxd5 Rxd5 18. Rhe1 Re6 19. Kd3 Kd7
20. Re4 Rxe4 21. Kxe4 Kd6 22. Rd1 Re5+ 23. Kf3 Rf5+ 24. Ke2 Re5+ 25. Kf3 Rf5+
26. Ke2 Re5+ 1/2-1/2

[Event "Oberhausener SV 1 - SG Porz 3"]
[Site "NRW-Klasse - Gruppe 3 2021/20"]
[Date "2022.05.22"]
[Round "9.6"]
[White "Alkhazashvili, Ololi"]
[Black "Paulus, Jeffrey"]
[Result "1/2-1/2"]
[WhiteElo "2131"]
[BlackElo "1931"]
[PlyCount "136"]
[EventDate "2022.??.??"]
[SourceVersionDate "2020.03.16"]
[WhiteTeam "Oberhausener SV 1"]
[BlackTeam "SG Porz 3"]

1. e4 c5 2. Nf3 d6 3. Nc3 Nc6 4. Bb5 Bd7 5. O-O e5 6. Re1 Nf6 7. d3 Be7 8. Nh4
a6 9. Bxc6 Bxc6 10. Nf5 g6 11. Nh6 Nh5 12. Qf3 Rf8 13. Nf5 Qd7 14. Bh6 Rg8 15.
Ne3 f5 16. Ned5 Bd8 17. a3 Nf6 18. b4 Bxd5 19. Nxd5 Nxd5 20. exd5 cxb4 21. axb4
g5 22. h4 gxh4 23. c4 Rg4 24. c5 Be7 25. cxd6 Bxd6 26. Bf4 O-O-O 27. Bxe5 Rdg8
28. d4 Rxg2+ 29. Kh1 f4 30. Rac1+ Kb8 31. Rc3 Ka7 32. Bxd6 Qxd6 33. b5 Qg6 34.
Rcc1 Qf5 35. Re5 Qd7 36. b6+ Kxb6 37. d6 R8g3 38. Rb1+ Ka7 39. Qxb7+ Qxb7 40.
Rxb7+ Kxb7 41. fxg3 Rxg3 42. Re7+ Kc6 43. d7 Kc7 44. Rf7 a5 45. Rxf4 h3 46. Rf5
a4 47. Ra5 Ra3 48. Ra7+ Kd8 49. Kh2 h6 50. Kh1 Ra2 51. Kg1 h2+ 52. Kh1 a3 53.
d5 h5 54. d6 h4 55. Ra8+ Kxd7 56. Ra7+ Kd8 57. d7 Ra1+ 58. Kxh2 a2 59. Kg2 h3+
60. Kh2 Ke7 61. Ra8 Kxd7 62. Ra7+ Kc6 63. Ra8 Kb7 64. Ra3 Kb6 65. Ra8 Kb5 66.
Rb8+ Kc6 67. Ra8 Kb7 68. Ra3 Kb6 1/2-1/2

[Event "Oberhausener SV 1 - SG Porz 3"]
[Site "NRW-Klasse - Gruppe 3 2021/20"]
[Date "2022.05.22"]
[Round "9.7"]
[White "Wegener, Marcus"]
[Black "Mancic, Ivan"]
[Result "0-1"]
[WhiteElo "1957"]
[BlackElo "2101"]
[PlyCount "98"]
[EventDate "2022.??.??"]
[SourceVersionDate "2020.03.16"]
[WhiteTeam "SG Porz 3"]
[BlackTeam "Oberhausener SV 1"]

1. e4 c5 2. Nf3 e6 3. b3 d6 4. Bb2 Nf6 5. Nc3 Be7 6. d4 cxd4 7. Nxd4 a6 8. g3
b5 9. Bg2 Bb7 10. Qe2 Qc7 11. O-O O-O 12. Kh1 Nc6 13. Rad1 Rac8 14. Nxc6 Qxc6
15. Rfe1 b4 16. Na4 Qxc2 17. Rd2 Qc6 18. f4 Rfd8 19. Bd4 Nd7 20. Nb2 Bf6 21.
Bg1 Bc3 22. Rc2 d5 23. exd5 Qxd5 24. Rd1 Qxg2+ 25. Qxg2 Bxg2+ 26. Kxg2 Nf6 27.
Rxd8+ Rxd8 28. Nc4 h5 29. Bc5 Rd5 30. Bb6 Rd3 31. Bc7 Nd5 32. Bb6 h4 33. Bc5
h3+ 34. Kxh3 Nxf4+ 35. Kg4 Nd5 36. Re2 Kh7 37. Ne3 Bd4 38. Nxd5 Bxc5 39. Nf4
Rc3 40. Ng2 Bd4 41. Nf4 a5 42. Nh3 e5 43. Kf5 g6+ 44. Ke4 f5+ 45. Kd5 Kg7 46.
Ng5 Be3 47. Ne6+ Kf6 48. Nf8 e4 49. Nd7+ Ke7 0-1

[Event "Oberhausener SV 1 - SG Porz 3"]
[Site "NRW-Klasse - Gruppe 3 2021/20"]
[Date "2022.05.22"]
[Round "9.8"]
[White "Ciornei, Dragos"]
[Black "Niesel, Tobias"]
[Result "1-0"]
[WhiteElo "2109"]
[BlackElo "1952"]
[PlyCount "127"]
[EventDate "2022.??.??"]
[SourceVersionDate "2020.03.16"]
[WhiteTeam "Oberhausener SV 1"]
[BlackTeam "SG Porz 3"]

1. e4 Nf6 2. e5 Nd5 3. d4 d6 4. Nf3 Bg4 5. Be2 e6 6. c4 Nb6 7. exd6 cxd6 8. h3
Bh5 9. Nc3 Be7 10. d5 O-O 11. dxe6 fxe6 12. Nd4 Bf7 13. Bg4 Bf6 14. b3 Nc6 15.
Be3 Re8 16. Rc1 d5 17. cxd5 Nxd4 18. Bxd4 Nxd5 19. O-O Bg5 20. Rc2 Bg6 21. Rb2
Qa5 22. Nxd5 Qxd5 23. f4 Rad8 24. Rd2 Bh4 25. Bf3 Qb5 26. Qa1 Rd7 27. Qc3 Be7
28. Qe3 Rxd4 29. Rxd4 Bc5 30. Rfd1 Bxd4 31. Qxd4 a6 32. Rc1 Re7 33. Rc8+ Be8
34. Qc5 Qxc5+ 35. Rxc5 Kf7 36. Kf2 Kf6 37. g4 h6 38. h4 Rd7 39. Ke3 Bg6 40. g5+
hxg5 41. fxg5+ Ke7 42. h5 Bb1 43. Be4 Kd6 44. Rc1 Bxe4 45. Kxe4 Rf7 46. Rh1 Ke7
47. h6 gxh6 48. gxh6 Rh7 49. Ke5 Kf7 50. Rf1+ Kg6 51. Rf6+ Kg5 52. Rxe6 Rd7 53.
b4 Kh5 54. a4 Kg5 55. a5 Kh5 56. Rf6 Rc7 57. Kd5 Kg5 58. Re6 Kf5 59. Rd6 Kg5
60. Ke6 Kxh6 61. Rd7 Rc4 62. Rxb7 Kg5 63. Kd5 Rf4 64. Kc5 1-0

[Event "NRW-Klasse, Gruppe 3"]
[Site "?"]
[Date "2022.05.22"]
[Round "9.1"]
[White "Maric, Boris"]
[Black "Markgraf, Jonas"]
[Result "1/2-1/2"]
[WhiteElo "2044"]
[BlackElo "2054"]
[PlyCount "55"]
[EventDate "2022.??.??"]
[SourceVersionDate "2020.03.16"]
[WhiteTeam "Klub Kölner Sf 2"]
[BlackTeam "Krefelder SK Turm 2"]

1. d4 Nf6 2. c4 e6 3. Nc3 Bb4 4. f3 c5 5. d5 d6 6. e4 b5 7. Bd3 bxc4 8. Bxc4
O-O 9. Nge2 e5 10. Bg5 Nbd7 11. O-O Nb6 12. Bb5 Rb8 13. f4 Bg4 14. h3 Bxc3 15.
bxc3 Bd7 16. fxe5 Bxb5 17. exf6 Re8 18. Ng3 Bxf1 19. Qxf1 Re5 20. Nf5 Qd7 21.
fxg7 Nxd5 22. Rd1 Rxf5 23. Qxf5 Qxf5 24. exf5 Nxc3 25. Rxd6 Ne4 26. Rd8+ Rxd8
27. Bxd8 Kxg7 28. g4 1/2-1/2

[Event "NRW-Klasse, Gruppe 3"]
[Site "?"]
[Date "2022.05.22"]
[Round "9.2"]
[White "Cozzuto, Alessandro"]
[Black "Meertens, Martin"]
[Result "1-0"]
[WhiteElo "1783"]
[BlackElo "2121"]
[PlyCount "107"]
[EventDate "2022.??.??"]
[SourceVersionDate "2020.03.16"]
[WhiteTeam "Krefelder SK Turm 2"]
[BlackTeam "Klub Kölner Sf 2"]

1. c4 c6 2. Nc3 d5 3. cxd5 cxd5 4. d4 Nf6 5. Nf3 Nc6 6. Bf4 a6 7. e3 Bf5 8. Bd3
Bxd3 9. Qxd3 e6 10. Rc1 Bd6 11. Bg3 O-O 12. Ne5 Qc7 13. Nxc6 Qxc6 14. Bh4 Be7
15. O-O Rfc8 16. Rc2 Qd7 17. Rfc1 Rc7 18. Bxf6 Bxf6 19. Nxd5 Rxc2 20. Nxf6+
gxf6 21. Qxc2 Qb5 22. b3 Re8 23. Qc4 Qa5 24. a4 Kg7 25. h4 Qh5 26. g3 Qf3 27.
Qc7 e5 28. Qd7 Rg8 29. dxe5 fxe5 30. Qd6 Re8 31. Qd1 Qf6 32. Qg4+ Kh8 33. Rc8
Qe7 34. Rxe8+ Qxe8 35. Qf5 Qe7 36. e4 f6 37. h5 Kg7 38. Qg4+ Kh6 39. Qf5 b5 40.
axb5 axb5 41. g4 Qd6 42. Kg2 Qd8 43. Qe6 b4 44. Kg3 Kg7 45. g5 fxg5 46. h6+ Kf8
47. Qf5+ Kg8 48. Qxe5 Qd3+ 49. f3 Kf7 50. Qf5+ Ke8 51. Qe6+ Kf8 52. Qf6+ Ke8
53. Qh8+ Kf7 54. Qxh7+ 1-0